[Event "Utrecht Keres Memorial"]
[Site "Utrecht"]
[Date "2022.05.28"]
[Round "4"]
[White "Vermeulen, Dewi"]
[Black "Bettman, Jan"]
[Result "0-1"]
[WhiteElo "1728"]
[BlackElo "1830"]
[PlyCount "87"]
[EventDate "2022.05.27"]
[EventType "swiss"]
[EventRounds "6"]
[EventCountry "NED"]
[SourceTitle "CBM 208 Extra"]
[Source "ChessBase"]
[SourceDate "2022.07.31"]
[SourceVersion "1"]
[SourceVersionDate "2022.07.31"]
[SourceQuality "1"]

1. e4 e5 2. Nf3 Nc6 3. Bc4 Nf6 4. d3 d5 5. exd5 Nxd5 6. h3 Bc5 7. a3 0-0 8. 0-0 Be6 9. Nbd2 f5 10. Bb5 Nd4 11. Bc4 Qf6 12. c3 Nc6 13. d4 exd4 14. Nb3 Bb6 15. Bg5 Qg6 16. Nbxd4 Bf7 17. Nxc6 bxc6 18. Qc1 h6 19. Bf4 Nxf4 20. Bxf7+ Qxf7 21. Qxf4 Qb3 22. Rab1 Rad8 23. Ne5 Qc2 24. Nxc6 Rd2 25. Nd4 Qd3 26. Qf3 Qe4 27. Qe3 Rd3 28. Qxe4 fxe4 29. Rbd1 c5 30. Nc2 Rfd8 31. Ne3 Kf7 32. Rde1 Kf6 33. c4 Ba5 34. Re2 Rd2 35. Rxd2 Rxd2 36. Rb1 Ke5 37. Kf1 Kd4 38. b4 Bb6 39. Ke1 Rd3 40. Ke2 g6 41. Rc1 h5 42. g3 g5 43. Rc2 Rxa3 44. Rd2+ 0-1

[Event "Arber op 6th"]
[Site "Bodenmais"]
[Date "2017.08.03"]
[Round "6"]
[White "Krastev, Alexander"]
[Black "Bettman, Jan"]
[Result "1-0"]
[WhiteElo "2071"]
[BlackElo "1870"]
[PlyCount "89"]
[EventDate "2017.07.29"]
[EventType "swiss"]
[EventRounds "9"]
[EventCountry "GER"]
[SourceTitle "CBM 179 Extra"]
[Source "ChessBase"]
[SourceDate "2017.08.23"]
[SourceVersion "1"]
[SourceVersionDate "2017.08.23"]
[SourceQuality "1"]

1. e4 e5 2. Nf3 d5 3. exd5 e4 4. Qe2 Qe7 5. Nd4 g6 6. Nc3 Bg7 7. Nb3 Nf6 8. d3 Bg4 9. Qe3 Bf5 10. dxe4 Nxe4 11. Nxe4 Qxe4 12. Qxe4+ Bxe4 13. c4 Na6 14. f3 Bf5 15. g4 Bd7 16. Kf2 h5 17. g5 h4 18. Bd3 0-0-0 19. Rb1 h3 20. Bd2 f5 21. Rhe1 Bf8 22. Bc3 Nc5 23. Nxc5 Bxc5+ 24. Kf1 Rh4 25. Be5 Re8 26. b4 Rxe5 27. bxc5 Rxe1+ 28. Rxe1 Rh5 29. Re7 Rxg5 30. Rh7 Rh5 31. Rxh5 gxh5 32. f4 Kd8 33. Kf2 h4 34. Bf1 Ba4 35. Bxh3 Bc2 36. Ke3 Ke7 37. Bf1 Kf6 38. Bd3 Ba4 39. Kf2 Bd1 40. Be2 Bc2 41. Kg2 Bb1 42. a3 Ba2 43. Kh3 b6 44. c6 b5 45. d6 1-0

[Event "Arber op 6th"]
[Site "Bodenmais"]
[Date "2017.07.30"]
[Round "2"]
[White "Herbold, Manfred"]
[Black "Bettman, Jan"]
[Result "1-0"]
[WhiteElo "2170"]
[BlackElo "1870"]
[PlyCount "77"]
[EventDate "2017.07.29"]
[EventType "swiss"]
[EventRounds "9"]
[EventCountry "GER"]
[SourceTitle "CBM 179 Extra"]
[Source "ChessBase"]
[SourceDate "2017.08.23"]
[SourceVersion "1"]
[SourceVersionDate "2017.08.23"]
[SourceQuality "1"]

1. e4 e5 2. Bc4 Nf6 3. d3 d5 4. exd5 Nxd5 5. Nf3 Nc6 6. 0-0 Bg4 7. h3 Bh5 8. Re1 Qd6 9. Bxd5 Qxd5 10. g4 Bg6 11. Nc3 Qa5 12. Nxe5 Nxe5 13. f4 Bc5+ 14. Kg2 0-0-0 15. Rxe5 f6 16. b4 Qxb4 17. Nd5 Rxd5 18. Rxd5 Qb6 19. Qf3 Be8 20. c3 Bc6 21. d4 Bd6 22. Kg3 g5 23. Rxd6 cxd6 24. Qd3 h6 25. Qf5+ Bd7 26. Qd3 Re8 27. Rb1 Qa5 28. Qc4+ Bc6 29. Kf2 Kd7 30. Be3 Re4 31. f5 Qd8 32. Qd3 d5 33. c4 Qe8 34. cxd5 Bxd5 35. Rb5 Bc6 36. Ra5 h5 37. d5 Kc8 38. dxc6 Qxc6 39. Rc5 1-0

[Event "Goch op 27th"]
[Site "Goch"]
[Date "2016.09.02"]
[Round "2"]
[White "Weigert, Matthias"]
[Black "Bettman, Jan"]
[Result "1-0"]
[WhiteElo "1587"]
[BlackElo "1855"]
[PlyCount "55"]
[EventDate "2016.09.01"]
[EventType "swiss"]
[EventRounds "7"]
[EventCountry "GER"]
[SourceTitle "EXT 2018"]
[Source "ChessBase"]
[SourceDate "2017.10.13"]
[SourceVersion "1"]
[SourceVersionDate "2017.10.13"]
[SourceQuality "1"]

1. e4 e5 2. Nf3 d5 3. exd5 e4 4. Qe2 Qe7 5. Nd4 g6 6. Nc3 Bg7 7. d6 cxd6 8. Nd5 Qe5 9. Nb5 a6 10. Ndc7+ Kd8 11. Nxa8 axb5 12. Nb6 Nc6 13. c3 Be6 14. Qxb5 d5 15. Be2 Nf6 16. d4 exd3 17. Qxd3 Kc7 18. Na4 Re8 19. Qg3 Qxg3 20. hxg3 Nh5 21. 0-0 d4 22. Bxh5 gxh5 23. Bf4+ Kd8 24. Rfd1 Ke7 25. cxd4 Nxd4 26. Rd2 Bc4 27. Re1+ Kf8 28. Bd6+ 1-0

[Event "Maastricht Limburg op-B 9th"]
[Site "Maastricht"]
[Date "2015.05.25"]
[Round "7"]
[White "Bettman, Jan"]
[Black "Kalle, Erwin"]
[Result "0-1"]
[WhiteElo "1870"]
[BlackElo "1744"]
[PlyCount "80"]
[EventDate "2015.05.22"]
[EventType "swiss"]
[EventRounds "7"]
[EventCountry "NED"]
[SourceTitle "EXT 2016"]
[Source "ChessBase"]
[SourceDate "2015.10.08"]
[SourceVersion "1"]
[SourceVersionDate "2015.10.08"]
[SourceQuality "1"]

1. e4 e6 2. d4 d5 3. Nc3 Bb4 4. f3 c5 5. Be3 Nc6 6. a3 Bxc3+ 7. bxc3 dxe4 8. fxe4 Qh4+ 9. Kd2 Qxe4 10. Nf3 Nf6 11. Bd3 Qd5 12. c4 Qd8 13. c3 0-0 14. Kc1 Re8 15. Ra2 e5 16. dxe5 Ng4 17. Bg5 Qc7 18. Bf4 Ngxe5 19. Kb1 Qd7 20. Re2 Nxd3 21. Rxe8+ Qxe8 22. Qxd3 g6 23. Nh4 Qe7 24. Bg3 Be6 25. Re1 Rd8 26. Qe3 b6 27. Qf3 Qd7 28. Qf6 Bxc4 29. Nf3 Qf5+ 30. Qxf5 gxf5 31. Bh4 Rd7 32. Bf6 Bd3+ 33. Kb2 Be4 34. g4 Rd6 35. g5 h6 36. Ne5 Rxf6 37. gxf6 Nxe5 38. Rd1 Nd3+ 39. Kb3 f4 40. Rf1 f3 0-1

[Event "Maastricht Limburg op-B 8th"]
[Site "Maastricht"]
[Date "2014.06.09"]
[Round "6"]
[White "Bettman, Jan"]
[Black "Staudte, Rainer"]
[Result "1-0"]
[WhiteElo "1842"]
[BlackElo "1915"]
[PlyCount "65"]
[EventDate "2014.06.06"]
[EventType "swiss"]
[EventRounds "7"]
[EventCountry "NED"]
[SourceTitle "EXT 2015"]
[Source "ChessBase"]
[SourceDate "2014.11.20"]
[SourceVersion "1"]
[SourceVersionDate "2014.11.20"]
[SourceQuality "1"]

1. e4 c5 2. g3 Nc6 3. Bg2 g6 4. c3 Bg7 5. Nf3 e6 6. 0-0 Nge7 7. d4 cxd4 8. cxd4 d5 9. e5 0-0 10. Bg5 Qb6 11. Nc3 h6 12. Bf6 a6 13. Qd2 Qa7 14. a4 Nf5 15. Ne2 Bxf6 16. exf6 Kh7 17. g4 Nd6 18. Ne5 Nxe5 19. dxe5 Nc4 20. Qc3 b6 21. b3 Na5 22. g5 h5 23. Nf4 Rh8 24. Qd3 Kg8 25. Rac1 Qd7 26. Rc2 Bb7 27. Rfc1 Nc6 28. Nxg6 fxg6 29. Qxg6+ Kf8 30. Rxc6 Bxc6 31. Rxc6 b5 32. Bxd5 Rh7 33. Rd6 1-0

[Event "Maastricht Limburg op-B 8th"]
[Site "Maastricht"]
[Date "2014.06.07"]
[Round "3"]
[White "Peeters, Joep"]
[Black "Bettman, Jan"]
[Result "0-1"]
[WhiteElo "1786"]
[BlackElo "1842"]
[PlyCount "64"]
[EventDate "2014.06.06"]
[EventType "swiss"]
[EventRounds "7"]
[EventCountry "NED"]
[SourceTitle "EXT 2015"]
[Source "ChessBase"]
[SourceDate "2014.11.20"]
[SourceVersion "1"]
[SourceVersionDate "2014.11.20"]
[SourceQuality "1"]

1. Nf3 e6 2. d4 c5 3. Nc3 d5 4. e4 cxd4 5. Qxd4 Nc6 6. Bb5 Bd7 7. Bxc6 bxc6 8. exd5 cxd5 9. 0-0 Nf6 10. Re1 Be7 11. Bg5 0-0 12. Re2 Qa5 13. Ne5 Rfd8 14. Rd1 Rac8 15. Rd3 h6 16. Bd2 Be8 17. a3 Qa6 18. g4 Nh7 19. Rg3 Rxc3 20. Bxc3 Qxe2 21. h4 f6 22. Qxa7 Bf8 23. Nf3 Bb5 24. g5 Rd7 25. Qb6 hxg5 26. hxg5 Nxg5 27. Nxg5 fxg5 28. Rxg5 Qf1+ 29. Kh2 Rf7 30. Rg2 Qe2 31. Kg1 e5 32. Bxe5 Qe1+ 0-1

[Event "Bussum op 30th"]
[Site "Bussum"]
[Date "2013.05.18"]
[Round "2"]
[White "Kohler, Aran"]
[Black "Bettman, Jan"]
[Result "1-0"]
[WhiteElo "2254"]
[BlackElo "1880"]
[PlyCount "67"]
[EventDate "2013.05.18"]
[EventType "swiss"]
[EventRounds "7"]
[EventCountry "NED"]
[SourceTitle "CBM 154 Extra"]
[Source "ChessBase"]
[SourceDate "2013.06.25"]
[SourceVersion "2"]
[SourceVersionDate "2013.06.25"]
[SourceQuality "1"]

1. d4 d5 2. c4 e5 3. dxe5 Nc6 4. cxd5 Nxe5 5. Nc3 Bc5 6. e3 Nh6 7. h3 Nf5 8. Nf3 Nxf3+ 9. Qxf3 0-0 10. g3 Re8 11. Be2 Nd6 12. g4 Qh4 13. Bd2 Bd7 14. 0-0-0 b5 15. Bd3 Re5 16. Ne4 Nxe4 17. Bxe4 b4 18. d6 Rxe4 19. Qxe4 Re8 20. Qxe8+ Bxe8 21. dxc7 Bd7 22. Bxb4 Qe7 23. Rd5 Bxe3+ 24. fxe3 Qxe3+ 25. Bd2 Qb6 26. Kb1 Qxc7 27. Ba5 Qc4 28. Rhd1 Be8 29. Re5 f5 30. Rxe8+ Kf7 31. Re3 f4 32. Re5 g6 33. Rd7+ Kf6 34. Bc3 1-0

[Event "Bussum op 29th"]
[Site "Bussum"]
[Date "2012.05.27"]
[Round "5.21"]
[White "Bettman, Jan"]
[Black "Lindeman, Johan W"]
[Result "1-0"]
[WhiteElo "1895"]
[BlackElo "2011"]
[PlyCount "87"]
[EventDate "2012.05.25"]
[EventType "swiss"]
[EventRounds "7"]
[EventCountry "NED"]
[SourceTitle "CBM 148 Extra"]
[Source "ChessBase"]
[SourceDate "2012.06.22"]
[SourceVersion "1"]
[SourceVersionDate "2012.06.22"]
[SourceQuality "1"]

1. e3 d5 2. Nf3 Nf6 3. c4 e6 4. Nc3 c5 5. d4 Nc6 6. dxc5 Bxc5 7. a3 a5 8. cxd5 exd5 9. Bd3 Bg4 10. Qc2 Bxf3 11. gxf3 0-0 12. Bd2 Rc8 13. Bf5 Rb8 14. Rd1 Re8 15. 0-0 Ne5 16. Kg2 g6 17. Ne2 Bd6 18. Bh3 Nc4 19. Nd4 b5 20. Rc1 Nd7 21. Rg1 Rc8 22. Qd1 Nxb2 23. Qb3 Rxc1 24. Bxc1 Nc4 25. Qxb5 Nc5 26. Rd1 Qg5+ 27. Kf1 Rb8 28. Qc6 Rb6 29. Qc8+ Kg7 30. Ke2 Na4 31. e4 Qe5 32. Nf5+ Kf6 33. Qh8+ Ke6 34. Ng7+ Ke7 35. Qe8+ Kf6 36. Qxa4 Kxg7 37. Rxd5 Qc3 38. Qd1 Bxa3 39. Bf4 Rb2+ 40. Kf1 Qb4 41. Qd4+ Kf8 42. Bh6+ Ke7 43. Rd7+ Ke8 44. Qh8+ 1-0

[Event "Bussum op 29th"]
[Site "Bussum"]
[Date "2012.05.26"]
[Round "2.13"]
[White "Vereggen, Lars"]
[Black "Bettman, Jan"]
[Result "1-0"]
[WhiteElo "2057"]
[BlackElo "1895"]
[PlyCount "65"]
[EventDate "2012.05.25"]
[EventType "swiss"]
[EventRounds "7"]
[EventCountry "NED"]
[SourceTitle "CBM 148 Extra"]
[Source "ChessBase"]
[SourceDate "2012.06.22"]
[SourceVersion "1"]
[SourceVersionDate "2012.06.22"]
[SourceQuality "1"]

1. d4 Nf6 2. c4 Nc6 3. Nf3 d6 4. Nc3 h6 5. e4 e5 6. d5 Ne7 7. Be2 g5 8. 0-0 Ng6 9. Ne1 Nf4 10. Nd3 c5 11. dxc6 bxc6 12. c5 Nxe2+ 13. Qxe2 Ba6 14. Rd1 Qc8 15. Qf3 Nh7 16. Be3 g4 17. Qg3 f5 18. exf5 Qxf5 19. Nb4 Bb7 20. cxd6 Nf6 21. Bc5 Bg7 22. Qd3 Qxd3 23. Nxd3 Nd7 24. Ne4 0-0 25. Be3 Ba6 26. Rac1 Bxd3 27. Rxd3 Rab8 28. b3 Rb4 29. Rc4 Rfb8 30. Rxb4 Rxb4 31. Nc5 e4 32. Rd1 Nxc5 33. Bxc5 1-0

[Event "Lanta op 1st"]
[Site "Koh Lanta Island"]
[Date "2012.03.24"]
[Round "3"]
[White "Bettman, Jan"]
[Black "Mlynek, Petr"]
[Result "0-1"]
[WhiteElo "1889"]
[BlackElo "2126"]
[PlyCount "82"]
[EventDate "2012.03.22"]
[EventType "swiss"]
[EventRounds "9"]
[EventCountry "THA"]
[SourceTitle "EXT 2013"]
[Source "ChessBase"]
[SourceDate "2012.11.22"]
[SourceVersion "1"]
[SourceVersionDate "2012.11.22"]
[SourceQuality "1"]

1. e3 d5 2. Nf3 Bg4 3. h3 Bh5 4. c4 e6 5. Qb3 b6 6. Ne5 c6 7. d4 Bd6 8. Nc3 Nf6 9. cxd5 exd5 10. g4 Bg6 11. Nxg6 hxg6 12. Bg2 0-0 13. Bd2 a5 14. 0-0 Re8 15. f3 b5 16. a4 b4 17. Ne2 Ra7 18. Rac1 Rae7 19. e4 dxe4 20. fxe4 Nxe4 21. Bxe4 Rxe4 22. Qxf7+ Kh7 23. Nf4 Bxf4 24. Rxf4 Qxd4+ 25. Rf2 Re2 26. Rcf1 Nd7 27. g5 Rf8 28. Qxd7 Qxd7 29. Rxe2 Rxf1+ 30. Kxf1 Qxh3+ 31. Ke1 Qh1+ 32. Kf2 Qd1 33. Be3 Qxa4 34. Bd4 Qd1 35. Ke3 Qc1+ 36. Rd2 c5 37. Be5 Qe1+ 38. Re2 Qg1+ 39. Kf4 Qf1+ 40. Ke3 Qf5 41. Bf4 c4 0-1

[Event "Goch op 22nd"]
[Site "Goch"]
[Date "2011.09.30"]
[Round "2"]
[White "Kamps, Ronald"]
[Black "Bettman, Jan"]
[Result "0-1"]
[WhiteElo "1721"]
[BlackElo "1890"]
[PlyCount "54"]
[EventDate "2011.09.29"]
[EventType "swiss"]
[EventRounds "7"]
[EventCountry "GER"]
[SourceTitle "EXT 2014"]
[Source "ChessBase"]
[SourceDate "2013.11.20"]
[SourceVersion "1"]
[SourceVersionDate "2013.11.20"]
[SourceQuality "1"]

1. e4 c5 2. Nf3 Nc6 3. d4 cxd4 4. Nxd4 e5 5. Nf3 Nf6 6. Bg5 Qa5+ 7. Bd2 Qb6 8. Bd3 d5 9. Nc3 dxe4 10. Bxe4 Nxe4 11. Nxe4 Bf5 12. Ng3 Bg6 13. Bc3 Bb4 14. Qe2 Bxc3+ 15. bxc3 0-0 16. 0-0 f6 17. Nh4 Bf7 18. Nhf5 g6 19. Nh6+ Kg7 20. Nxf7 Rxf7 21. Kh1 f5 22. Qd2 Rc8 23. Qg5 Nd8 24. Rab1 Ne6 25. Qc1 Qc6 26. Qa3 f4 27. Rfd1 fxg3 0-1

[Event "Goch op 21st"]
[Site "Goch"]
[Date "2010.10.02"]
[Round "5"]
[White "Bettman, Jan"]
[Black "Krebel, Andreas"]
[Result "1/2-1/2"]
[WhiteElo "1888"]
[BlackElo "1748"]
[PlyCount "129"]
[EventDate "2010.09.30"]
[EventType "swiss"]
[EventRounds "7"]
[EventCountry "GER"]
[SourceTitle "EXT 2012"]
[Source "ChessBase"]
[SourceDate "2011.11.24"]
[SourceVersion "1"]
[SourceVersionDate "2011.11.24"]
[SourceQuality "1"]

1. e3 d5 2. Nf3 Nf6 3. Ne5 c6 4. b3 e6 5. Bb2 Nbd7 6. f4 Nxe5 7. fxe5 Ng8 8. Bd3 Qg5 9. Qf3 f5 10. exf6 Nxf6 11. Nc3 Bd6 12. 0-0-0 e5 13. e4 Bg4 14. Qg3 Nh5 15. Qe3 Qxe3 16. dxe3 Bxd1 17. Rxd1 d4 18. Ne2 c5 19. Bb5+ Ke7 20. Bc4 Nf6 21. Ng3 g6 22. Re1 dxe3 23. Rxe3 Rad8 24. h3 Rhf8 25. Ne2 Nd7 26. Nc3 Nb6 27. Be2 Bb8 28. Ba3 Nd7 29. Bc4 Kf6 30. b4 b6 31. b5 Kg7 32. Kb1 Nf6 33. Bc1 Rd4 34. Be2 Rfd8 35. g4 Ne8 36. a4 Bd6 37. Kb2 Be7 38. Rf3 Nd6 39. Nd5 Bh4 40. Nc7 Rb4+ 41. Ka3 Kg8 42. Bd2 Nc4+ 43. Bxc4+ Rxc4 44. Bc3 Rxe4 45. a5 Bg5 46. Kb3 Rf4 47. Rg3 e4 48. Re3 Rf7 49. Ne6 Bxe3 50. Nxd8 Rf3 51. Kc4 Bf4 52. Nc6 e3 53. a6 Bg3 54. Kd3 e2+ 55. Kxe2 Rxc3 56. Nxa7 Rxc2+ 57. Kf3 Bb8 58. Nc6 Bc7 59. Ke4 Kf7 60. Kd5 Rd2+ 61. Kc4 Ke6 62. Kc3 Ra2 63. Kb3 Ra1 64. Kb2 Ra4 65. Kb3 1/2-1/2

[Event "Bossum Pinkster op-A"]
[Site "Bossum"]
[Date "2010.05.23"]
[Round "4"]
[White "Galje, Hans"]
[Black "Bettman, Jan"]
[Result "1-0"]
[WhiteElo "2159"]
[BlackElo "1870"]
[PlyCount "67"]
[EventDate "2010.05.21"]
[EventType "swiss"]
[EventRounds "7"]
[EventCountry "NED"]
[SourceTitle "CBM 136 Extra"]
[Source "ChessBase"]
[SourceDate "2010.07.02"]
[SourceVersion "2"]
[SourceVersionDate "2010.07.15"]
[SourceQuality "1"]

1. d4 Nf6 2. c4 Nc6 3. Nf3 d6 4. Nc3 h6 5. e4 e5 6. Be2 Bd7 7. 0-0 g5 8. h3 Bg7 9. dxe5 dxe5 10. Be3 g4 11. hxg4 Nxg4 12. Nd5 Ne7 13. Qb3 0-0 14. Rad1 f5 15. Qxb7 Nc6 16. Qxc7 fxe4 17. Qxd8 Raxd8 18. Nd2 Nd4 19. Bxd4 exd4 20. Nxe4 Ne5 21. b3 Kh8 22. f4 Bg4 23. Bxg4 Nxg4 24. f5 Be5 25. Nc5 Rg8 26. Nd3 Bh2+ 27. Kh1 Bg3 28. Rf3 Rxd5 29. cxd5 Ne3 30. Rc1 Rg5 31. f6 Nf5 32. Rc8+ Kh7 33. f7 Bd6 34. f8Q 1-0